000 00505nam a22002417a 4500
003 UA-OsUOA
001 83810
007 ta
008 20120504b un ||||| |||| 00| 0 ukr d
100 _aWilliam H.
090 _a(031)658.517
942 _cBK
040 _aUA-OsUOA
_beng
_cUA-OsUOA
_dUA-OsUOA
245 _aFood and Nutrition
300 _a200 с.
955 _a2
041 _aeng
080 _a(031)658.517
020 _a80-52153
260 _c1980
650 7 _2UDC
999 _c370086
_d370086